[Event "5th Ordu Open 2019"]
[Site "Ordu"]
[Date "2019.05.02"]
[Round "6.14"]
[White "Kvikvinia, Teimuraz"]
[Black "Civelek, Mehmet Eren"]
[Result "1-0"]
[WhiteElo "1592"]
[BlackElo "1260"]
[Annotator "NA"]
[PlyCount "117"]
[EventDate "2019.04.29"]
[EventType "swiss"]
[EventCountry "TUR"]
[SourceTitle "playchess.com"]
[Source "ChessBase"]
[SourceQuality "1"]
[TimeControl "5400+30"]

1. e4 {[%emt 0:30:30]} c5 {[%emt 0:30:30]} 2. Nf3 {[%emt 0:00:30]} Nc6 {[%emt 0:00:30]} 3. d4 {[%emt 0:00:00]} cxd4 {[%emt 0:00:00]} 4. Nxd4 {[%emt 0:00:00]} Nf6 {[%emt 0:00:00]} 5. Nc3 {[%emt 0:00:30]} d6 {[%emt 0:00:30]} 6. Bg5 {[%emt 0:00:00]} Qb6 {[%emt 0:00:00]} 7. Nb3 {[%emt 0:00:00]} Qd8 {[%emt 0:00:00]} 8. Be2 {[%emt 0:00:30]} g6 {[%emt 0:01:30]} 9. Bxf6 {[%emt 0:00:30]} exf6 {[%emt 0:00:30]} 10. O-O {[%emt 0:00:30]} Be7 {[%emt 0:00:00]} 11. Qd2 {[%emt 0:01:30]} O-O {[%emt 0:00:00]} 12. Rad1 {[%emt 0:00:30]} a6 {[%emt 0:00:00]} 13. Nd5 {[%emt 0:00:30]} Kg7 {[%emt 0:00:00]} 14. f3 {[%emt 0:00:00]} f5 {[%emt 0:01:30]} 15. Nxe7 {[%emt 0:00:00]} Qxe7 {[%emt 0:00:00]} 16. Qxd6 {[%emt 0:01:30]} Qxd6 {[%emt 0:00:00]} 17. Rxd6 {[%emt 0:00:30]} Re8 {[%emt 0:00:00]} 18. Bd3 {[%emt 0:01:30]} fxe4 {[%emt 0:01:00]} 19. Bxe4 {[%emt 0:00:30]} Nb4 {[%emt 0:00:30]} 20. a3 {[%emt 0:00:00]} f5 {[%emt 0:01:30]} 21. Bxb7 {[%emt 0:00:00]} Bxb7 {[%emt 0:00:30]} 22. axb4 {[%emt 0:00:30]} Kh8 {[%emt 0:00:00]} 23. Nc5 {[%emt 0:00:30]} Bc8 {[%emt 0:00:00]} 24. Rfd1 {[%emt 0:00:00]} Re2 {[%emt 0:00:30]} 25. Rd8+ {[%emt 0:00:00]} Kg7 {[%emt 0:00:30]} 26. R1d2 {[%emt 0:00:30]} Re1+ {[%emt 0:00:30]} 27. Kf2 {[%emt 0:00:30]} Re5 {[%emt 0:01:30]} 28. f4 {[%emt 0:00:30]} Re7 {[%emt 0:00:30]} 29. Re2 {[%emt 0:00:30]} Rf7 {[%emt 0:00:00]} 30. Ree8 {[%emt 0:00:00]} Rc7 {[%emt 0:01:00]} 31. Ne6+ {[%emt 0:00:00]} Bxe6 {[%emt 0:00:30]} 32. Rxa8 {[%emt 0:00:30]} Rxc2+ {[%emt 0:00:30]} 33. Kg3 {[%emt 0:00:00]} Bd5 {[%emt 0:00:00]} 34. Ra7+ {[%emt 0:00:00]} Kh6 {[%emt 0:00:00]} 35. Ree7 {[%emt 0:01:30]} Bg8 {[%emt 0:00:30]} 36. Ra8 {[%emt 0:00:30]} Bd5 {[%emt 0:00:30]} 37. Rh8 {[%emt 0:01:30]} g5 {[%emt 0:00:30]} 38. Rhxh7+ {[%emt 0:00:00]} Kg6 {[%emt 0:00:30]} 39. Rhg7+ {[%emt 0:00:00]} Kh6 {[%emt 0:00:30]} 40. fxg5+ {[%emt 0:00:30]} Kh5 {[%emt 0:00:30]} 41. h4 {[%emt 0:00:30]} f4+ {[%emt 0:00:30]} 42. Kxf4 {[%emt 0:00:30]} Rc4+ {[%emt 0:00:30]} 43. Kf5 {[%emt 0:00:30]} Kxh4 {[%emt 0:00:00]} 44. g6 {[%emt 0:01:30]} Bxg2 {[%emt 0:00:00]} 45. Rh7+ {[%emt 0:00:00]} Kg3 {[%emt 0:00:30]} 46. g7 {[%emt 0:02:00]} Rf4+ {[%emt 0:00:30]} 47. Ke5 {[%emt 0:00:00]} Re4+ {[%emt 0:00:00]} 48. Kd6 {[%emt 0:00:00]} Rd4+ {[%emt 0:00:00]} 49. Kc5 {[%emt 0:00:30]} Rd5+ {[%emt 0:00:30]} 50. Kc4 {[%emt 0:00:30]} Rg5 {[%emt 0:00:00]} 51. g8=Q {[%emt 0:00:30]} Bf1+ {[%emt 0:00:00]} 52. Kd4 {[%emt 0:00:00]} Rxg8 {[%emt 0:00:30]} 53. Rhg7+ {[%emt 0:00:00]} Rxg7 {[%emt 0:00:30]} 54. Rxg7+ {[%emt 0:00:30]} Kh4 {[%emt 0:00:30]} 55. Kc5 {[%emt 0:00:00]} Kh5 {[%emt 0:00:00]} 56. Kb6 {[%emt 0:00:00]} Kh6 {[%emt 0:00:00]} 57. Ra7 {[%emt 0:00:00]} Kg6 {[%emt 0:00:30]} 58. Rxa6 {[%emt 0:00:00]} Bxa6 {[%emt 0:00:30]} 59. Kxa6 {[%emt 0:00:00]} 1-0

[Event "5th Ordu Open 2019"]
[Site "Ordu"]
[Date "2019.05.02"]
[Round "6.15"]
[White "Iakobadze, Ucha"]
[Black "Lortkipanidze, Goga"]
[Result "1/2-1/2"]
[WhiteElo "1387"]
[BlackElo "1324"]
[Annotator "NA"]
[PlyCount "74"]
[EventDate "2019.04.29"]
[EventType "swiss"]
[EventCountry "TUR"]
[SourceTitle "playchess.com"]
[Source "ChessBase"]
[SourceQuality "1"]
[TimeControl "5400+30"]

1. d4 {[%emt 0:30:30]} Nf6 {[%emt 0:30:30]} 2. e3 {[%emt 0:00:30]} d5 {[%emt 0:00:30]} 3. c4 {[%emt 0:00:30]} e6 {[%emt 0:00:30]} 4. Nc3 {[%emt 0:00:30]} c5 {[%emt 0:01:30]} 5. Nf3 {[%emt 0:00:30]} Nc6 {[%emt 0:00:00]} 6. g3 {[%emt 0:01:30]} dxc4 {[%emt 0:01:00]} 7. Bxc4 {[%emt 0:00:30]} Nd5 {[%emt 0:00:30]} 8. Nxd5 {[%emt 0:00:30]} exd5 {[%emt 0:00:30]} 9. Bb5 {[%emt 0:00:30]} Bd7 {[%emt 0:00:30]} 10. Bxc6 {[%emt 0:00:30]} Bxc6 {[%emt 0:00:30]} 11. O-O {[%emt 0:00:00]} c4 {[%emt 0:00:30]} 12. Ne5 {[%emt 0:00:00]} Qc7 {[%emt 0:00:30]} 13. Qf3 {[%emt 0:00:30]} Bd6 {[%emt 0:00:30]} 14. Nxc6 {[%emt 0:00:30]} Qxc6 {[%emt 0:00:00]} 15. b3 {[%emt 0:00:30]} cxb3 {[%emt 0:01:00]} 16. axb3 {[%emt 0:00:00]} O-O {[%emt 0:00:30]} 17. Ba3 {[%emt 0:00:00]} Bxa3 {[%emt 0:00:00]} 18. Rxa3 {[%emt 0:00:30]} Qd6 {[%emt 0:00:00]} 19. Rfa1 {[%emt 0:00:00]} a6 {[%emt 0:00:30]} 20. Ra5 {[%emt 0:00:00]} Rfd8 {[%emt 0:01:30]} 21. b4 {[%emt 0:00:30]} b5 {[%emt 0:00:30]} 22. Qf4 {[%emt 0:00:30]} Qxf4 {[%emt 0:00:30]} 23. exf4 {[%emt 0:00:30]} Rd6 {[%emt 0:00:00]} 24. Kg2 {[%emt 0:00:30]} Rb6 {[%emt 0:01:00]} 25. Rc1 {[%emt 0:00:00]} f5 {[%emt 0:00:30]} 26. Rc5 {[%emt 0:00:00]} Rd8 {[%emt 0:00:30]} 27. f3 {[%emt 0:00:30]} Re6 {[%emt 0:00:30]} 28. g4 {[%emt 0:00:30]} g6 {[%emt 0:00:00]} 29. h3 {[%emt 0:00:30]} h5 {[%emt 0:00:00]} 30. g5 {[%emt 0:01:30]} Rdd6 {[%emt 0:01:30]} 31. h4 {[%emt 0:00:00]} Kf7 {[%emt 0:00:30]} 32. Rc7+ {[%emt 0:01:00]} Re7 {[%emt 0:01:30]} 33. Rxe7+ {[%emt 0:00:30]} Kxe7 {[%emt 0:00:30]} 34. Ra1 {[%emt 0:00:00]} Rc6 {[%emt 0:00:00]} 35. Kg3 {[%emt 0:00:00]} Kd7 {[%emt 0:00:00]} 36. Re1 {[%emt 0:00:30]} Re6 {[%emt 0:00:30]} 37. Re5 {[%emt 0:00:30]} Ke8 {[%emt 0:00:30]} 1/2-1/2

[Event "5th Ordu Open 2019"]
[Site "Ordu"]
[Date "2019.05.02"]
[Round "6.16"]
[White "Makhatadze, Khatia"]
[Black "Say, Efe"]
[Result "1-0"]
[WhiteElo "1293"]
[BlackElo "1227"]
[Annotator "NA"]
[PlyCount "129"]
[EventDate "2019.04.29"]
[EventType "swiss"]
[EventCountry "TUR"]
[SourceTitle "playchess.com"]
[Source "ChessBase"]
[SourceQuality "1"]
[TimeControl "5400+30"]

1. e4 {[%emt 0:30:30]} c5 {[%emt 0:30:30]} 2. Nf3 {[%emt 0:00:30]} d6 {[%emt 0:00:30]} 3. d4 {[%emt 0:00:30]} cxd4 {[%emt 0:00:30]} 4. Qxd4 {[%emt 0:00:00]} a6 {[%emt 0:00:00]} 5. Nc3 {[%emt 0:00:00]} Nc6 {[%emt 0:00:00]} 6. Qd3 {[%emt 0:02:30]} Nf6 {[%emt 0:00:30]} 7. Bg5 {[%emt 0:00:30]} e6 {[%emt 0:01:30]} 8. O-O-O {[%emt 0:01:30]} Be7 {[%emt 0:00:30]} 9. Bxf6 {[%emt 0:03:30]} Bxf6 {[%emt 0:00:30]} 10. Qxd6 {[%emt 0:00:30]} Qb6 {[%emt 0:11:30]} 11. e5 {[%emt 0:04:30]} Be7 {[%emt 0:03:30]} 12. Qd2 {[%emt 0:01:30]} O-O {[%emt 0:03:30]} 13. Bd3 {[%emt 0:02:30]} Rd8 {[%emt 0:08:30]} 14. h4 {[%emt 0:06:30]} Qa5 {[%emt 0:03:30]} 15. Qf4 {[%emt 0:07:30]} b5 {[%emt 0:04:30]} 16. Qe4 {[%emt 0:02:30]} g6 {[%emt 0:02:30]} 17. Qxc6 {[%emt 0:01:30]} Bd7 {[%emt 0:00:30]} 18. Qe4 {[%emt 0:00:30]} b4 {[%emt 0:01:30]} 19. Ne2 {[%emt 0:06:30]} Qxa2 {[%emt 0:01:30]} 20. Qc4 {[%emt 0:02:30]} Qa1+ {[%emt 0:00:30]} 21. Kd2 {[%emt 0:00:30]} Qa5 {[%emt 0:02:30]} 22. Ra1 {[%emt 0:00:30]} Qb6 {[%emt 0:00:00]} 23. Qd4 {[%emt 0:02:30]} Bc5 {[%emt 0:01:00]} 24. Qf4 {[%emt 0:00:30]} Bb5 {[%emt 0:06:16]} 25. Ng5 {[%emt 0:01:30]} Ra7 {[%emt 0:01:13]} 26. h5 {[%emt 0:01:30]} Bxd3 {[%emt 0:01:36]} 27. cxd3 {[%emt 0:00:00]} Qb5 {[%emt 0:01:35]} 28. hxg6 {[%emt 0:03:19]} Qxd3+ {[%emt 0:00:08]} 29. Ke1 {[%emt 0:00:34]} fxg6 {[%emt 0:00:16]} 30. Nxe6 {[%emt 0:00:57]} Bxf2+ {[%emt 0:01:18]} 31. Qxf2 {[%emt 0:03:04]} Qd2+ {[%emt 0:00:53]} 32. Kf1 {[%emt 0:00:30]} Qd1+ {[%emt 0:00:00]} 33. Rxd1 {[%emt 0:01:12]} Rxd1+ {[%emt 0:00:13]} 34. Qe1 {[%emt 0:00:30]} Rf7+ {[%emt 0:00:00]} 35. N6f4 {[%emt 0:00:00]} Rxe1+ {[%emt 0:00:40]} 36. Kxe1 {[%emt 0:00:00]} Re7 {[%emt 0:00:35]} 37. e6 {[%emt 0:00:39]} g5 {[%emt 0:00:30]} 38. Nh3 {[%emt 0:00:00]} Rxe6 {[%emt 0:00:17]} 39. Nxg5 {[%emt 0:00:04]} Rg6 {[%emt 0:00:07]} 40. Nxh7 {[%emt 0:01:56]} Rxg2 {[%emt 0:00:40]} 41. Nf6+ {[%emt 0:00:30]} Kf7 {[%emt 0:00:30]} 42. Nd5 {[%emt 0:00:30]} a5 {[%emt 0:00:30]} 43. Rh6 {[%emt 0:00:13]} Rg5 {[%emt 0:00:00]} 44. Nef4 {[%emt 0:00:42]} Re5+ {[%emt 0:00:56]} 45. Kd2 {[%emt 0:00:19]} Rf5 {[%emt 0:01:46]} 46. Ra6 {[%emt 0:01:02]} Rg5 {[%emt 0:00:12]} 47. Ra7+ {[%emt 0:01:00]} Ke8 {[%emt 0:00:30]} 48. Nf6+ {[%emt 0:00:00]} Kd8 {[%emt 0:02:30]} 49. Ne6+ {[%emt 0:00:23]} Kc8 {[%emt 0:00:00]} 50. Nxg5 {[%emt 0:00:30]} Kb8 {[%emt 0:00:00]} 51. Rxa5 {[%emt 0:00:30]} Kc7 {[%emt 0:00:03]} 52. Rb5 {[%emt 0:00:37]} Kc6 {[%emt 0:00:30]} 53. Rxb4 {[%emt 0:00:00]} Kc5 {[%emt 0:00:06]} 54. Kc3 {[%emt 0:00:05]} Kd6 {[%emt 0:00:30]} 55. Rb5 {[%emt 0:00:00]} Kc6 {[%emt 0:00:00]} 56. Kc4 {[%emt 0:00:17]} Kd6 {[%emt 0:00:13]} 57. Rd5+ {[%emt 0:00:27]} Kc6 {[%emt 0:00:30]} 58. b4 {[%emt 0:00:30]} Kb6 {[%emt 0:00:00]} 59. b5 {[%emt 0:00:00]} Kc7 {[%emt 0:00:00]} 60. Ne6+ {[%emt 0:00:00]} Kb6 {[%emt 0:00:31]} 61. Rd6+ {[%emt 0:00:07]} Kb7 {[%emt 0:00:32]} 62. Kc5 {[%emt 0:00:20]} Ka7 {[%emt 0:00:23]} 63. b6+ {[%emt 0:00:30]} Ka6 {[%emt 0:00:00]} 64. Rd7 {[%emt 0:00:24]} Ka5 {[%emt 0:00:18]} 65. Ra7# {[%emt 0:00:00]} 1-0

[Event "5th Ordu Open 2019"]
[Site "Ordu"]
[Date "2019.05.02"]
[Round "6.17"]
[White "Sen, Kamil"]
[Black "Yuceturk, Hakan"]
[Result "1-0"]
[WhiteElo "1205"]
[BlackElo "1037"]
[Annotator "NA"]
[PlyCount "73"]
[EventDate "2019.04.29"]
[EventType "swiss"]
[EventCountry "TUR"]
[SourceTitle "playchess.com"]
[Source "ChessBase"]
[SourceQuality "1"]
[TimeControl "5400+30"]

1. c4 {[%emt 0:30:30]} d6 {[%emt 0:30:30]} 2. Nc3 {[%emt 0:00:00]} g6 {[%emt 0:01:30]} 3. e4 {[%emt 0:00:00]} Bg7 {[%emt 0:00:30]} 4. d4 {[%emt 0:00:30]} Nc6 {[%emt 0:00:30]} 5. Be3 {[%emt 0:00:30]} e5 {[%emt 0:03:30]} 6. d5 {[%emt 0:01:30]} Nd4 {[%emt 0:00:30]} 7. Be2 {[%emt 0:00:30]} Ne7 {[%emt 0:00:30]} 8. g4 {[%emt 0:01:30]} c6 {[%emt 0:01:30]} 9. h3 {[%emt 0:01:30]} O-O {[%emt 0:02:30]} 10. b4 {[%emt 0:01:30]} Qb6 {[%emt 0:03:30]} 11. Rb1 {[%emt 0:00:30]} Qc7 {[%emt 0:01:30]} 12. Bd3 {[%emt 0:02:30]} cxd5 {[%emt 0:00:30]} 13. exd5 {[%emt 0:01:30]} f5 {[%emt 0:00:30]} 14. Bxd4 {[%emt 0:00:30]} exd4 {[%emt 0:00:30]} 15. Nb5 {[%emt 0:00:30]} Qd8 {[%emt 0:02:30]} 16. g5 Re8 {[%emt 0:00:30]} 17. Kf1 {[%emt 0:02:00]} Bd7 {[%emt 0:01:30]} 18. Nxd6 {[%emt 0:03:30]} Rf8 {[%emt 0:02:30]} 19. Nxb7 {[%emt 0:00:30]} Qc7 {[%emt 0:00:30]} 20. Nc5 {[%emt 0:00:30]} a5 {[%emt 0:00:30]} 21. Nxd7 {[%emt 0:00:30]} Qxd7 {[%emt 0:00:30]} 22. b5 {[%emt 0:00:00]} Nc8 {[%emt 0:01:30]} 23. Qf3 {[%emt 0:00:00]} Nd6 {[%emt 0:00:30]} 24. Ne2 {[%emt 0:01:30]} Qe7 {[%emt 0:00:30]} 25. h4 {[%emt 0:01:30]} Ne4 {[%emt 0:00:30]} 26. Rd1 {[%emt 0:00:30]} Rae8 {[%emt 0:00:30]} 27. Nf4 {[%emt 0:00:30]} Qb4 {[%emt 0:04:30]} 28. Kg2 {[%emt 0:00:30]} Nd2 {[%emt 0:02:30]} 29. Rxd2 {[%emt 0:03:30]} Qxd2 {[%emt 0:00:30]} 30. Ne6 {[%emt 0:00:30]} Rf7 {[%emt 0:01:30]} 31. Bb1 {[%emt 0:02:30]} Bh8 {[%emt 0:01:30]} 32. c5 {[%emt 0:01:30]} Qb4 {[%emt 0:04:30]} 33. b6 {[%emt 0:01:30]} Rd7 {[%emt 0:01:30]} 34. c6 {[%emt 0:01:30]} Rd6 {[%emt 0:01:30]} 35. b7 {[%emt 0:01:30]} Qc4 {[%emt 0:00:30]} 36. c7 {[%emt 0:00:30]} Rdxe6 {[%emt 0:00:30]} 37. b8=Q {[%emt 0:00:30]} 1-0

[Event "5th Ordu Open 2019"]
[Site "Ordu"]
[Date "2019.05.02"]
[Round "6.18"]
[White "Sahin, Taha"]
[Black "Ozcoban, Samet"]
[Result "1-0"]
[WhiteElo "1557"]
[BlackElo "1036"]
[Annotator "NA"]
[PlyCount "99"]
[EventDate "2019.04.29"]
[EventType "swiss"]
[EventCountry "TUR"]
[SourceTitle "playchess.com"]
[Source "ChessBase"]
[SourceQuality "1"]
[TimeControl "5400+30"]

1. e4 {[%emt 0:30:30]} Nf6 {[%emt 0:30:30]} 2. Nc3 {[%emt 0:00:30]} d6 {[%emt 0:00:30]} 3. Nf3 {[%emt 0:00:00]} e5 {[%emt 0:00:30]} 4. Bc4 {[%emt 0:00:00]} Bg4 {[%emt 0:00:30]} 5. h3 {[%emt 0:01:30]} Bh5 {[%emt 0:02:30]} 6. d3 {[%emt 0:00:30]} h6 {[%emt 0:00:30]} 7. Be3 {[%emt 0:00:30]} c6 {[%emt 0:00:30]} 8. Bb3 {[%emt 0:00:30]} Nbd7 {[%emt 0:02:30]} 9. Qe2 {[%emt 0:02:30]} Nb6 {[%emt 0:00:30]} 10. g4 {[%emt 0:00:30]} Bg6 {[%emt 0:00:30]} 11. g5 {[%emt 0:00:30]} hxg5 {[%emt 0:01:30]} 12. Bxg5 {[%emt 0:00:30]} Be7 {[%emt 0:00:30]} 13. O-O-O {[%emt 0:00:30]} Qd7 {[%emt 0:01:30]} 14. h4 {[%emt 0:01:30]} Bh5 {[%emt 0:02:30]} 15. Rdg1 {[%emt 0:00:30]} O-O-O {[%emt 0:02:30]} 16. Be3 {[%emt 0:00:30]} Qc7 {[%emt 0:01:30]} 17. Rxg7 {[%emt 0:01:30]} Ng4 {[%emt 0:00:30]} 18. Bxf7 {[%emt 0:01:30]} Bxf7 {[%emt 0:01:30]} 19. Rxf7 {[%emt 0:00:30]} Nxe3 {[%emt 0:00:00]} 20. fxe3 {[%emt 0:00:30]} Rdg8 {[%emt 0:05:00]} 21. d4 {[%emt 0:01:30]} a6 {[%emt 0:04:30]} 22. Rh3 {[%emt 0:01:30]} Qd7 {[%emt 0:00:30]} 23. Qh2 {[%emt 0:00:00]} Qe6 {[%emt 0:02:30]} 24. Rf5 {[%emt 0:00:00]} Nc4 {[%emt 0:00:30]} 25. d5 {[%emt 0:03:30]} cxd5 {[%emt 0:00:00]} 26. Nxd5 {[%emt 0:00:30]} Rg4 {[%emt 0:00:00]} 27. Nxe7+ {[%emt 0:02:30]} Qxe7 {[%emt 0:00:30]} 28. Ng5 {[%emt 0:00:30]} Qg7 {[%emt 0:12:30]} 29. Qe2 {[%emt 0:00:30]} Rg1+ {[%emt 0:01:30]} 30. Rf1 {[%emt 0:00:30]} Rxf1+ {[%emt 0:00:30]} 31. Qxf1 {[%emt 0:00:00]} b5 {[%emt 0:04:30]} 32. b3 {[%emt 0:01:00]} Rxh4 {[%emt 0:02:30]} 33. Qf5+ {[%emt 0:01:30]} Qd7 {[%emt 0:01:42]} 34. Qxd7+ {[%emt 0:01:30]} Kxd7 {[%emt 0:00:05]} 35. Rxh4 {[%emt 0:00:00]} Nxe3 {[%emt 0:00:05]} 36. Kd2 {[%emt 0:01:00]} Ng2 {[%emt 0:00:51]} 37. Rh2 {[%emt 0:00:30]} Nf4 {[%emt 0:00:00]} 38. a4 {[%emt 0:00:30]} bxa4 {[%emt 0:01:34]} 39. bxa4 {[%emt 0:00:00]} Kc6 {[%emt 0:00:30]} 40. Kc3 {[%emt 0:00:00]} Kc5 {[%emt 0:00:00]} 41. Rd2 {[%emt 0:00:30]} d5 {[%emt 0:00:00]} 42. exd5 {[%emt 0:00:30]} Nxd5+ {[%emt 0:00:17]} 43. Kb3 {[%emt 0:00:30]} a5 {[%emt 0:01:39]} 44. Ne4+ {[%emt 0:00:30]} Kc6 {[%emt 0:00:01]} 45. c4 {[%emt 0:00:00]} Nf4 {[%emt 0:02:20]} 46. Rd6+ {[%emt 0:00:00]} Kb7 {[%emt 0:02:47]} 47. Rh6 {[%emt 0:00:30]} Ne2 {[%emt 0:00:03]} 48. c5 {[%emt 0:00:00]} Nd4+ {[%emt 0:01:03]} 49. Kc4 {[%emt 0:00:00]} Nc6 {[%emt 0:00:01]} 50. Kb5 {[%emt 0:01:30]} 1-0

[Event "5th Ordu Open 2019"]
[Site "Ordu"]
[Date "2019.05.03"]
[Round "7.1"]
[White "Mosadeghpour, Masoud"]
[Black "Pacher, Milan"]
[Result "1/2-1/2"]
[WhiteElo "2514"]
[BlackElo "2396"]
[Annotator "TA"]
[PlyCount "126"]
[EventDate "2019.04.29"]
[EventType "swiss"]
[EventCountry "TUR"]
[SourceTitle "playchess.com"]
[Source "ChessBase"]
[SourceQuality "1"]

{[%evp 21,126,30,29,0,6,7,10,12,0,4,24,24,30,18,22,13,32,32,26,43,26,31,43,34,66,42,33,19,212,208,234,219,220,121,251,64,64,64,64,64,64,64,64,64,64,64,63,64,64,59,50,45,102,38,42,7,8,8,8,0,8,0,0,0,0,0,0,0,0,0,0,0,0,0,0,0,0,0,0,0,0,0,0,0,0,0,0,0,0,-8,-8,-8,-8,-16,-22,-91,-8,-8,-8,-8,-8,-8,-8,-8,-8,-8,-8]} 1. e4 e5 2. Nf3 Nc6 3. Bb5 a6 4. Ba4 Nf6 5. O-O Be7 6. Re1 b5 7. Bb3 d6 8. c3 O-O 9. h3 Nb8 10. d4 Nbd7 11. c4 c6 12. Be3 {C95: Closed Ruy Lopez: Breyer Variation with 10 d4} Nxe4 $146 ({Predecessor:} 12... Bb7 13. Nbd2 c5 14. d5 Nb6 15. Qc2 Bc8 16. a4 bxa4 17. Bxa4 Nxa4 18. Rxa4 Bd7 19. Ra3 Ne8 {1-0 (55) Adhiban,B (2661)-Amin,B (2700) Sharjah 2018}) 13. cxb5 axb5 14. Qc2 Nef6 15. dxe5 Nxe5 16. Nxe5 dxe5 17. Qxc6 Bd7 18. Qc3 Qb8 19. Nd2 $36 {[%mdl 2048] White has good play.} Rc8 20. Qd3 Bc6 21. Bg5 e4 22. Qe3 Qe5 23. Rac1 (23. Bxf6 $5 Bxf6 24. Nxe4 $14) 23... Qxb2 24. Rc2 Qa3 $2 (24... Qe5 $11 {and Black has nothing to worry.}) 25. Bxf6 $1 $18 Bxf6 26. Nxe4 Be7 27. Rec1 (27. Ng3 $1 $18) 27... Bb7 (27... Bd7 $16) 28. Rxc8+ $2 (28. Nc5 $1 $18 Bxc5 29. Rxc5) 28... Rxc8 $14 29. Rxc8+ Bxc8 30. Ng5 {And now Qf4 would win.} Qc5 31. Bxf7+ Kh8 32. Qxc5 Bxc5 {[%mdl 4096] Endgame KBB-KBN} 33. Be6 Ba6 $1 34. Nf7+ Kg8 35. Ne5+ Kh8 36. Bf5 Bb7 (36... b4 $1 $14) 37. Bd3 (37. Nf7+ $1 $16 Kg8 38. Nd8) 37... Bd5 38. Bb1 g6 39. Kf1 Kg7 40. f4 Bd4 41. Ng4 h5 42. Ne5 g5 43. Nd3 Kf6 44. Nb4 Bc4+ 45. Bd3 gxf4 46. Bxc4 bxc4 $11 {KB-KN} 47. Ke2 Bc5 48. Nc2 Ke5 49. a4 Bb6 50. Kf3 Bc7 51. Na3 Kd5 52. Nb5 Bb8 53. h4 Kc5 54. Ke4 Kb4 55. Kd4 f3 56. gxf3 Bg3 57. Ke4 Bxh4 {Hoping for ...Bf6.} 58. f4 (58. Nc7 $1 $11 {keeps the balance.}) 58... Bf6 ({Better is} 58... Bd8 $1 $17 {White should prevent ...h4.} 59. Kf3 Ba5) 59. Nc7 $1 {[%cal Rc7d5] The position is equal.} Kxa4 {...c3 is the strong threat.} 60. Nd5 Bd8 61. f5 Kb3 {Threatens to win with ...c3.} 62. Kf4 Kb2 (62... c3 {[#]} 63. Nxc3 $1 {[%mdl 512]} Kxc3 64. f6 $1 {[%mdl 512]}) 63. Ne3 $1 c3 {Accuracy: White = 67%, Black = 57%.} 1/2-1/2

[Event "5th Ordu Open 2019"]
[Site "Ordu"]
[Date "2019.05.03"]
[Round "7.2"]
[White "Haznedaroglu, Kivanc"]
[Black "Isik, Alparslan"]
[Result "0-1"]
[WhiteElo "2466"]
[BlackElo "2233"]
[Annotator "ChessBase"]
[PlyCount "70"]
[EventDate "2019.04.29"]
[EventType "swiss"]
[EventCountry "TUR"]
[SourceTitle "playchess.com"]
[Source "ChessBase"]
[SourceQuality "1"]
[TimeControl "5400+30"]

1. e4 {[%emt 0:00:30]} d6 {[%emt 0:02:30]} 2. d4 {[%emt 0:00:30]} Nf6 {[%emt 0:00:30]} 3. Nc3 {[%emt 0:00:30]} e5 {[%emt 0:00:30]} 4. Nge2 {[%emt 0:00:00]} c6 {[%emt 0:02:30]} 5. g3 {[%emt 0:01:00]} Be7 {[%emt 0:02:30]} 6. Bg2 {[%emt 0:01:30]} b5 {[%emt 0:01:30]} 7. a3 {[%emt 0:00:30]} O-O {[%emt 0:01:30]} 8. O-O {[%emt 0:00:00]} Nbd7 {[%emt 0:01:30]} 9. h3 {[%emt 0:06:00]} Bb7 {[%emt 0:04:30]} 10. g4 {[%emt 0:02:30]} a5 {[%emt 0:03:30]} 11. Ng3 {[%emt 0:07:30]} b4 {[%emt 0:07:30]} 12. Nce2 {[%emt 0:00:30]} d5 {[%emt 0:05:30]} 13. axb4 {[%emt 0:10:30]} axb4 {[%emt 0:03:30]} 14. Rxa8 {[%emt 0:00:30]} Bxa8 {[%emt 0:00:30]} 15. exd5 {[%emt 0:09:30]} Nxd5 {[%emt 0:09:30]} 16. dxe5 {[%emt 0:03:30]} Nxe5 {[%emt 0:00:30]} 17. Nd4 {[%emt 0:00:30]} Ng6 {[%emt 0:04:30]} 18. Ndf5 {[%emt 0:05:30]} Ngf4 {[%emt 0:04:30]} 19. Nxe7+ {[%emt 0:00:30]} Qxe7 {[%emt 0:00:30]} 20. Re1 {[%emt 0:04:30]} Qc7 {[%emt 0:06:30]} 21. Bf1 {[%emt 0:02:30]} c5 {[%emt 0:00:30]} 22. Qf3 {[%emt 0:04:30]} Ne6 {[%emt 0:02:30]} 23. Nf5 {[%emt 0:02:30]} Ndf4 {[%emt 0:09:30]} 24. Bxf4 {[%emt 0:07:30]} Nxf4 {[%emt 0:01:30]} 25. Re7 {[%emt 0:00:30]} Qb8 {[%emt 0:03:30]} 26. Qe3 {[%emt 0:04:30]} Ng6 {[%emt 0:03:27]} 27. Rd7 {[%emt 0:03:30]} Ne5 {[%emt 0:03:44]} 28. Bb5 {[%emt 0:07:40]} Nf3+ {[%emt 0:01:52]} 29. Kg2 {[%emt 0:03:04]} Nh4+ {[%emt 0:01:39]} 30. Kg1 {[%emt 0:00:40]} Nxf5 {[%emt 0:00:50]} 31. Qxc5 {[%emt 0:01:27]} Nh4 {[%emt 0:00:40]} 32. Bc4 {[%emt 0:00:56]} Nf3+ {[%emt 0:01:22]} 33. Kf1 {[%emt 0:00:30]} Ne5 {[%emt 0:02:03]} 34. Rc7 {[%emt 0:00:37]} Nxc4 {[%emt 0:00:30]} 35. Qxc4 {[%emt 0:00:00]} Qd8 {[%emt 0:00:00]} 0-1

[Event "5th Ordu Open 2019"]
[Site "Ordu"]
[Date "2019.05.03"]
[Round "7.3"]
[White "Dogan, Nazmi Can"]
[Black "Asgari, Morteza"]
[Result "1/2-1/2"]
[WhiteElo "2214"]
[BlackElo "2249"]
[Annotator "NA"]
[PlyCount "77"]
[EventDate "2019.04.29"]
[EventType "swiss"]
[EventCountry "TUR"]
[SourceTitle "playchess.com"]
[Source "ChessBase"]
[SourceQuality "1"]
[TimeControl "5400+30"]

1. d4 {[%emt 0:00:30]} Nf6 {[%emt 0:00:30]} 2. Nf3 {[%emt 0:00:30]} g6 {[%emt 0:00:30]} 3. Bg5 {[%emt 0:00:30]} Bg7 {[%emt 0:00:30]} 4. Nbd2 {[%emt 0:00:00]} O-O {[%emt 0:00:30]} 5. c3 {[%emt 0:00:00]} d6 {[%emt 0:01:30]} 6. e4 {[%emt 0:00:30]} c5 {[%emt 0:00:00]} 7. dxc5 {[%emt 0:02:30]} dxc5 {[%emt 0:00:00]} 8. Bc4 {[%emt 0:05:30]} Nc6 {[%emt 0:00:30]} 9. O-O {[%emt 0:00:00]} Qc7 {[%emt 0:00:30]} 10. Bh4 {[%emt 0:04:00]} Nh5 {[%emt 0:00:30]} 11. Re1 {[%emt 0:04:30]} h6 {[%emt 0:01:30]} 12. Nf1 {[%emt 0:11:30]} Rd8 {[%emt 0:12:30]} 13. Qc2 {[%emt 0:08:30]} Bg4 {[%emt 0:08:30]} 14. Be2 {[%emt 0:03:30]} Qf4 {[%emt 0:03:30]} 15. Bg3 {[%emt 0:03:30]} Nxg3 {[%emt 0:01:30]} 16. hxg3 {[%emt 0:00:30]} Qc7 {[%emt 0:00:30]} 17. Ne3 {[%emt 0:00:30]} Bd7 {[%emt 0:05:30]} 18. Nd5 {[%emt 0:04:30]} Qb8 {[%emt 0:00:30]} 19. Bb5 {[%emt 0:13:30]} Kf8 {[%emt 0:01:30]} 20. a4 {[%emt 0:02:30]} Be8 {[%emt 0:13:30]} 21. a5 {[%emt 0:05:30]} e6 {[%emt 0:02:30]} 22. Ne3 {[%emt 0:02:30]} Qc7 {[%emt 0:00:30]} 23. a6 {[%emt 0:04:30]} Rab8 {[%emt 0:20:30]} 24. Qe2 {[%emt 0:04:03]} bxa6 {[%emt 0:02:30]} 25. Bxa6 {[%emt 0:01:18]} Na5 {[%emt 0:02:30]} 26. Ra2 {[%emt 0:01:52]} Rd6 {[%emt 0:00:30]} 27. Bd3 {[%emt 0:02:45]} Qd8 {[%emt 0:06:19]} 28. Rxa5 {[%emt 0:01:11]} Qxa5 {[%emt 0:01:37]} 29. Nc4 {[%emt 0:00:04]} Qd8 {[%emt 0:01:03]} 30. Nxd6 {[%emt 0:00:10]} Qxd6 {[%emt 0:00:00]} 31. Ra1 {[%emt 0:00:55]} Qb6 {[%emt 0:01:04]} 32. Ra2 {[%emt 0:00:05]} Qb3 {[%emt 0:01:04]} 33. Bc4 {[%emt 0:04:15]} Bb5 {[%emt 0:00:30]} 34. Bxb3 {[%emt 0:00:30]} Bxe2 {[%emt 0:00:30]} 35. Nd2 {[%emt 0:00:00]} Rd8 {[%emt 0:01:43]} 36. Nc4 {[%emt 0:01:19]} Bxc4 {[%emt 0:04:43]} 37. Bxc4 {[%emt 0:00:30]} Rd1+ {[%emt 0:00:00]} 38. Kh2 {[%emt 0:00:41]} Rd2 {[%emt 0:00:00]} 39. f4 {[%emt 0:01:23]} 1/2-1/2